01894cam a22002654a 45000010009000000050017000090080041000260100017000670200035000840200035001190350023001540400037001770420008002140500023002220820017002452450103002622600048003653000026004135040051004395050992004906500029014827000018015117000018015298560081015471397848520170105102841.0050523s2005 enk b 001 0 eng  a 2005014879 a1844072142 (pbk. : alk. paper) a1844072134 (hbk. : alk. paper) a(OCoLC)ocm60515100 aDLCcDLCdBAKERdBWKUKdIXAdDLC apcc00aJZ5588b.H848 200500a327.1/7222200aHuman and environmental security :ban agenda for change /cedited by Felix Dodds and Tim Pippard. aLondon ;aSterling, VA :bEarthscan,c2005. axxv, 270 p. ;c24 cm. aIncludes bibliographical references and index.0 aA more secure world / David Hannay -- The peacebuilding commission / Anders Lidén and Anna-Karin Eneström -- Human security and the war on terror / Oliver Richmond and Jason Franks -- Achieving nuclear non-proliferation / Marian Hobbs -- Women, war, and peace / Noeleen Heyzer -- Globalization, poverty, and security / Jan Pronk -- Trade and security in an interconnected world / Hilary Benn -- Climate change / Melinda Kimble -- Migration, development, and security / Devyani Gupta -- Securing a healthier world / Christine K. Durbak and Claudia M. Strauss -- Biodiversity and security / Jeffery A. McNeely -- Food security / Henrique B. Cavalcanti -- Water security / Patricia Wouters -- Urban safety / Anna Tibaijuka -- America as empire / Jim Garrison -- The emergence and role of regional governance / Sabin Intxaurraga -- Human and environmental rights / Hannah Griffiths -- Reforming environmental governance / Serge Lepeltier -- Democracy in an uncertain world / Felix Dodds. 0aSecurity, International.1 aDodds, Felix.1 aPippard, Tim.413Table of contents onlyuhttp://www.loc.gov/catdir/toc/fy0613/2005014879.html